000 00341nam a22001217a 4500
008 160427b xxu||||| |||| 00| 0 eng d
020 _a9780801678936
020 _a0801678935
041 _aeng
080 _a618.2
245 _aPharmacology and the nursing process:
_cLinda Lane Lilley; Robert S. Aucker; Joseph A. Albanese;
942 _2udc
_cBK
999 _c1623
_d1623